UM Logo

Juvenile delinquency : (Record no. 17875)

MARC details
000 -LEADER
fixed length control field 00711nam a22002057a 4500
003 - CONTROL NUMBER IDENTIFIER
control field OSt
005 - DATE AND TIME OF LATEST TRANSACTION
control field 20230126162521.0
008 - FIXED-LENGTH DATA ELEMENTS--GENERAL INFORMATION
fixed length control field 230126b ||||| |||| 00| 0 eng d
040 ## - CATALOGING SOURCE
Transcribing agency 0
082 ## - DEWEY DECIMAL CLASSIFICATION NUMBER
Classification number DPer 370.5 M720 June - December 2017 v66 no. 1-7
100 ## - MAIN ENTRY--PERSONAL NAME
Personal name Agcaoili, Rodel P.
Relator term author.
9 (RLIN) 47518
245 ## - TITLE STATEMENT
Title Juvenile delinquency :
Remainder of title its effects and how to solve it /
Statement of responsibility, etc. Rodel P. Agcaoili
260 ## - PUBLICATION, DISTRIBUTION, ETC. (IMPRINT)
Place of publication, distribution, etc. Philippines :
Name of publisher, distributor, etc. Papi Publishers, Inc.,
Date of publication, distribution, etc. November 2017.
300 ## - PHYSICAL DESCRIPTION
Extent volume 66, pages 211-214.
650 ## - SUBJECT ADDED ENTRY--TOPICAL TERM
Topical term or geographic name as entry element Juvenile delinquency .
9 (RLIN) 47519
650 ## - SUBJECT ADDED ENTRY--TOPICAL TERM
Topical term or geographic name as entry element School violence.
9 (RLIN) 592
650 ## - SUBJECT ADDED ENTRY--TOPICAL TERM
Topical term or geographic name as entry element Emotionally disturbed children.
9 (RLIN) 47520
700 ## - ADDED ENTRY--PERSONAL NAME
Personal name Agcaoili, Rodel P.
Relator term author.
9 (RLIN) 47518
942 ## - ADDED ENTRY ELEMENTS (KOHA)
Source of classification or shelving scheme Dewey Decimal Classification
Koha item type Periodicals
Holdings
Withdrawn status Lost status Source of classification or shelving scheme Damaged status Not for loan Collection code Home library Current library Date acquired Total Checkouts Full call number Date last seen Price effective from Koha item type Public note
    Dewey Decimal Classification     Periodicals UM Digos College - LIC UM Digos College - LIC 01/26/2023   DPer 370.5 M720 June - December 2017 v66 no. 1-7 01/26/2023 01/26/2023 Periodicals Periodical article